Nový register obyvateľov

Potreba registra obyvateľov. Historické sčítavanie (registrovanie) ľudí. Zákonné úpravy pobytu obyvateľstva. Register obyvateľov a informačný systém verejnej správy. Súčasný stav registra obyvateľov. Nový register - inovácie, nová technológia. Obsah registra. Poskytovanie údajov.

Gespeichert in:
Bibliographische Detailangaben
1. Verfasser: Dubčák, Anton
Weitere Verfasser: Mišovičová, Mária
Format: Buchkapitel
Sprache:Slowakisch
Schlagworte:
Tags: Tag hinzufügen
Keine Tags, Fügen Sie das erste Tag hinzu!

MARC

LEADER 00000naa$a2200000$$$4500
001 0025831
005 20231107113020.2
041 0 |a slo 
044 |a SK 
245 1 0 |a Nový register obyvateľov  |c Anton Dubčák, Mária Mišovičová 
520 |a Potreba registra obyvateľov. Historické sčítavanie (registrovanie) ľudí. Zákonné úpravy pobytu obyvateľstva. Register obyvateľov a informačný systém verejnej správy. Súčasný stav registra obyvateľov. Nový register - inovácie, nová technológia. Obsah registra. Poskytovanie údajov. 
610 2 0 |a registre 
610 2 0 |a registrácia 
610 2 0 |a obyvateľstvo 
610 2 0 |a história 
610 2 0 |a systémy informačné 
610 2 0 |a správa verejná 
610 2 0 |a dáta 
610 2 0 |a inovácia 
610 2 0 |a technológie nové 
610 2 0 |a obsah 
610 2 0 |a ochrana údajov osobných 
610 2 0 |a Slovensko 
100 1 |a Dubčák, Anton 
700 1 |a Mišovičová, Mária